000 00342cam a2200145ua 4500
041 _aeng
_h
082 _a822
_bAES/CH
100 _aAeschylus, .
245 _aChocphoroe /
_cAeschylus.
_hTextual Documents
260 _aLondon :
_bGeorge Allen & Unwin Ltd ,
_c1961.
300 _a84 ; .
504 _a
942 _cBK
999 _c4433
_d4433